Sports Quiz

Random Sports or Logo Quiz
Score 0/20 Timer 04:00
1 Play Today
College % Correct
LSU (1977-2002)
88.2%
Notre Dame (1963-1972)
88.1%
Miami (1949-1959)
87.6%
East Carolina (1988-2003)
75.8%
Penn State (2001-2004)
73.5%
Texas (1966-1976)
73%
North Carolina (1983-1998)
72.5%
Missouri (1979-1982)
70.2%
Alabama (1952-1958)
65.1%
Boston College (1946-1961)
52.8%
College % Correct
UCLA (1960-1971)
50.8%
Virginia (1978-1983)
45.9%
San Diego State (1978-1996)
28.9%
Navy (1959-1971)
24.5%
Iowa State (1967-1982)
18%
Cincinnati (1983-1989)
15.5%
Pittsburgh (1966-1972)
15%
George Washington (1997-2002)
14%
Syracuse (1972-1978)
10.6%
Idaho (1972-1978)
4.6%
Remove Ads.
Support Sporcle.
Get the best of Sporcle when you Go Orange. This ad-free experience offers more features, more stats, and more fun while also helping to support Sporcle. Thank you for becoming a member.

You're not logged in!

Compare scores with friends on all Sporcle quizzes.
OR
Log In

Show Comments

Extras

Top Quizzes Today


Score Distribution

Your Account Isn't Verified!

In order to create a playlist on Sporcle, you need to verify the email address you used during registration. Go to your Sporcle Settings to finish the process.

Report this User

Report this user for behavior that violates our Community Guidelines.

Details: